000 00680cam a2200265 4500
008 090401t1992 xxu||||| |||| 00| 0 eng d
020 _a0854065210
035 _a(Sirsi) u54738
041 0 _aeng
050 0 4 _a306.1 $2 18
090 _aRICS 1992/3ABCD
100 1 _aWhitehead, C.
245 0 0 _aHousing the nation
_bchoice, access and priorities
_bvolume two
260 _aLondon
_bRICS
_c1992
300 _a165p
_c30cm
350 _a0
650 2 4 _aAffordable housing
_96215
651 4 _aUnited Kingdom
_y
690 _aResidential property
_96266
700 1 _aCross, D.
700 1 _aKleinman, M.
700 1 _aConnolly, V.
942 _n0
948 _c04/03/1997
999 _c93500
_d93500